El cuerpo de la voz: poesía, ética y cultura

Saved in:
Bibliographic Details
Main Author: Masiello, Francine (autora)
Format: Book
Language:Spanish
Published: Rosario Beatriz Viterbo 2013
Edition:1a. ed
Subjects:
Tags: Add Tag
No Tags, Be the first to tag this record!

MARC

LEADER 00000cam a2200000 a 4500
001 UCE0451
003 CL-VaPUC
008 140116e20130000ag |||||||||||||||||spa|d
020 |a 9789508452702 
082 0 4 |a 801.95  |b MAS  |2 21 
100 |a Masiello, Francine  |e autora  |9 572797 
245 1 3 |a El cuerpo de la voz: poesía, ética y cultura 
250 |a 1a. ed 
300 |a 320 p 
942 |c BK 
945 |d 20140116 11:53:00  |a dcastane 
260 |a Rosario  |b Beatriz Viterbo  |c 2013 
650 0 |a Crítica literaria   |9 269189 
650 0 |a Poesía   |9 265825 
650 0 |a Ética  |9 255099 
650 0 |a Escultura  |9 265737 
583 |a last modification  |c 20140116 11:53:00  |k Rodrigo Vera 
999 |c 354572  |d 354570 
952 |0 0  |1 0  |3 erb  |4 0  |6 801_950000000000000_MAS_2013  |7 0  |8 A  |9 460530  |a BIBEDU  |b BIBEDU  |i 5052076  |l 3  |m 1  |o 801.95 MAS 2013  |p 5052076  |r 2023-01-26  |s 2022-11-21  |w 2019-11-23  |y BK  |z Catalogado en:20140116  |k LIT